000 00749nam a2200205Ia 4500
001 8483
003 GE_BSU
008 181216s||||||||xx |||||||||||||| ||und||
040 _cGE_BSU
080 _a821.353.1-1+821.353.1-32+821.353.1-92
245 _aზეკარი:ლექსები,მოთხრობები,წერილები.
245 _cშემდ:ჯ.ღვინჯილია;მ.წიკლაური;მხარვ:ს.ცინცაძე.
260 _aთბილისი.
260 _bმერანი.
260 _c1979.
300 _a190გვ;26სმ
653 _aზეკარი
653 _aლექსები,მოთხრობები,წერილები.
942 _cBK
999 _c41800
_d41800